Statistics for GTA V vehicle categories

Click here to take the quiz!

General Stats

  • This quiz has been taken 392 times
  • The average score is 7 of 20

Answer Stats

HintAnswer% Correct
3Super
85%
4Sports
84%
11Off-Road
57%
5Muscle
51%
2Helicopter
41%
14SUVs
36%
18Boats
34%
8Utility
34%
6Motorbike
32%
19Sport Classics
31%
13Coupes
30%
12Compacts
28%
17Military
28%
1Jet
23%
20Vans
22%
7Bicycle
19%
15Emergency
19%
16Service
17%
10Commercial
12%
9Industrial
11%

Score Distribution

Percentile by Number Answered

Percent of People with Each Score

Your Score History

You have not taken this quiz